000 00294nam a22001337a 4500
008 170721b xxu||||| |||| 00| 0 eng d
020 _a9780130958914
041 _aeng
080 _a004
100 _a28
101 _aSHKI
245 _aSPSS INTERACTIVE GRAPHICS 8.0
_cSPSS
942 _2udc
_cBK
999 _c21701
_d21701